Normal view
MARC view
- MS-ESE Thesis MSThesis
Entry Topical Term
001 - CONTROL NUMBER
- control field: 116513
003 - CONTROL NUMBER IDENTIFIER
- control field: NUST
005 - DATE AND TIME OF LATEST TRANSACTION
- control field: 20230912165959.0
008 - FIXED-LENGTH DATA ELEMENTS
- fixed length control field: 230912|| aca||aabn | a|a d
040 ## - CATALOGING SOURCE
- Original cataloging agency: NUST
- Transcribing agency: NUST
150 ## - HEADING--TOPICAL TERM
- Topical term or geographic name entry element: MS-ESE Thesis MSThesis
670 ## - SOURCE DATA FOUND
- Source citation: Work cat.: (NUST): Hafiz Muhammad Ijaz Tahir (00000171299) 116512, Protective coatings on superalloys and C/SiC composites for efficient gas turbine components /, 2020
